000 02041nam a2200253Ia 4500
003 OSt
005 20210726151534.0
008 210310s2013 w ad gr 000 0 spa d
020 _a9783845496443
040 _aCO-JMCR
_cCO-JMCR
041 0 _aspa
082 0 4 _a332.67314 /
_bL126e
_223
100 1 _aLabraña Baeza, Abel,
_916445
_eautor
245 1 0 _aEvaluación a las políticas de inversión extranjera directa en Chile :
_bestudio cualitativo y empírico de la regulación: 1954-2009 /
_cAbel Labraña Baeza
260 _aSaarbrücken :
_bEditorial Académica Española,
_c2013
300 _a114 páginas :
_bilustraciones y gráficas a blanco y negro ;
_c22 cm.
500 _aIncluye notas a pie de página.
504 _aBibliografía; páginas 105-111
505 0 _a¿Qué es la IED? --IED y transnacionalización -- IED en Chile -- Modelo econométrico de evaluación a la regulación de la IED en Chile
520 3 _aExisten factores que pueden resultar atractivos para los inversionistas extranjeros en la acción de localizarse en un determinado país, sin embargo, no generan un modelo de desarrollo productivo a largo plazo y ligados a marcos regulatorios débiles pueden externalidades negativas. En este marco, la investigación busca analizar las teorías relativas a la inversión extranjera directa (IED), la transnacionalización, la legislación en la materia y datos empíricos del caso chileno, conjugándolos con tópicos de políticas públicas sobre atracción de inversiones de calidad. Esto con el objeto de evaluar el efecto de las legislaciones que han regulado históricamente esta materia en los flujos de IED, mediante el análisis de estos y la modernización econométrica. Se intenta responder si ha sido efectiva la la legislación de la IED en la misión de regular y fomentar los flujos de IED, además de proponer recomendaciones del política pública pro IED spillover.
650 1 4 _aInversión Extranjera Directa (IED)
_916447
650 2 4 _aEmpresa Transnacional
_938726
942 _2ddc
_cBK
999 _c8139
_d8139